| 000 -LEADER |
| fixed length control field |
00676cam a2200205 a 4500 |
| 003 - CONTROL NUMBER IDENTIFIER |
| control field |
OSt |
| 005 - DATE AND TIME OF LATEST TRANSACTION |
| control field |
20200518121926.0 |
| 008 - FIXED-LENGTH DATA ELEMENTS--GENERAL INFORMATION |
| fixed length control field |
020103s2001 enka 000 0 eng |
| 020 ## - INTERNATIONAL STANDARD BOOK NUMBER |
| International Standard Book Number |
0471496677 |
| 042 ## - AUTHENTICATION CODE |
| Authentication code |
lccopycat |
| 082 00 - DEWEY DECIMAL CLASSIFICATION NUMBER |
| Classification number |
724.7MAC |
| Edition number |
21 |
| 100 1# - MAIN ENTRY--PERSONAL NAME |
| Personal name |
Mackertich, Peter. |
| 245 10 - TITLE STATEMENT |
| Title |
Architectural expressions : |
| Remainder of title |
a photographic reassessment of fun in architecture / |
| Statement of responsibility, etc |
Peter and Tony Mackertich. |
| 260 ## - PUBLICATION, DISTRIBUTION, ETC. (IMPRINT) |
| Place of publication, distribution, etc |
Chichester, West Sussex ; |
| -- |
New York : |
| Name of publisher, distributor, etc |
Wiley-Academy, |
| Date of publication, distribution, etc |
2001. |
| 300 ## - PHYSICAL DESCRIPTION |
| Extent |
127 p. : |
| Other physical details |
chiefly col. ill. ; |
| Dimensions |
29 cm. |
| 650 #0 - SUBJECT ADDED ENTRY--TOPICAL TERM |
| Topical term or geographic name as entry element |
Architecture, Modern |
| Chronological subdivision |
20th century. |
| 650 #0 - SUBJECT ADDED ENTRY--TOPICAL TERM |
| Topical term or geographic name as entry element |
Eclecticism in architecture. |
| 700 1# - ADDED ENTRY--PERSONAL NAME |
| Personal name |
Mackertich, Tony. |
| 942 ## - ADDED ENTRY ELEMENTS (KOHA) |
| Source of classification or shelving scheme |
|